| 000 | 00335nam a2200121Ia 4500 | ||
|---|---|---|---|
| 008 | 190216s9999||||xx |||||||||||||| ||und|| | ||
| 100 | _aMahajan Vd | ||
| 245 | 0 | _aBritish Rule In India | |
| 260 |
_bPopular Prakashan _c1987 |
||
| 300 | _a606p | ||
| 650 | _aIndian History-Portugese History-Indian History-Portugese History | ||
| 942 | _cBK | ||
| 999 |
_c19159 _d19159 |
||